Applied multivariate statistical analysis
| Main Author: | |
|---|---|
| Other Authors: | |
| Format: | Book |
| Published: |
Upper Saddle, NJ :
Prentice-Hall ,
1998
|
| Edition: | 4th ed. |
| Subjects: |
MARC
| LEADER | 00000cam a2200000 7i4500 | ||
|---|---|---|---|
| 001 | 0000008451 | ||
| 005 | 20050423.0 | ||
| 020 | |a 0130800848 | ||
| 040 | |a INS | ||
| 090 | 0 | 0 | |a QA278. |b J63 1998 |
| 100 | 1 | |a Johnson, Richard A. | |
| 245 | 1 | 0 | |a Applied multivariate statistical analysis |c Richard A. Johnson |
| 250 | |a 4th ed. | ||
| 260 | |a Upper Saddle, NJ : |b Prentice-Hall , |c 1998 | ||
| 300 | |a 816p. ; |c 24 cm + 1 disk. | ||
| 650 | 0 | 0 | |a Multivariate analysis |
| 700 | 1 | |a Wichern, Dean W. | |
| 999 | |a 0000007889 |b BOOK |c Open Shelf |e Default branch | ||